Stany USA z najdłuższymi granicami międzynarodowymi - Statystyki

Ogólne statystyki
  • Ten quiz został rozwiązany 9 razy
  • Średni wynik to 8 z 10
Statystyki odpowiedzi
Stany km % Poprawnych
Montana 877
100%
Waszyngton 687
100%
Maine 983
89%
Minnesota 880
89%
Teksas 1997
89%
Arizona 600
78%
Dakota Północna 499
67%
Michigan 1160
67%
Nowy Jork 716
67%
Alaska 2475
56%
Nie znaleziono quizów pasujących do podanych kryteriów
Rozkład punktacji
Procent ludzi z każdym wynikiem
Percentyl według liczby udzielonych odpowiedzi
Twoja historia wyników
Nie rozwiązałeś tego quizu